MARC details
| 000 -CABECERA |
| campo de control de longitud fija |
01513nam a2200337 a 4500 |
| 001 - NÚMERO DE CONTROL |
| campo de control |
000001857 |
| 005 - FECHA Y HORA DE LA ÚLTIMA TRANSACCIÓN |
| campo de control |
20200929145731.0 |
| 008 - DATOS DE LONGITUD FIJA--INFORMACIÓN GENERAL |
| campo de control de longitud fija |
090629s2006 cu ac 001 0 spa d |
| 020 ## - NÚMERO INTERNACIONAL ESTÁNDAR DEL LIBRO |
| Número Internacional Estándar del Libro |
9592112800 |
| 040 ## - FUENTE DE LA CATALOGACIÓN |
| Centro catalogador/agencia de origen |
DO-SdBNP |
| Lengua de catalogación |
spa |
| Centro/agencia transcriptor |
BNPHU |
| 082 ## - NÚMERO DE LA CLASIFICACIÓN DECIMAL DEWEY |
| Número de clasificación |
327.12 |
| Número de documento/Ítem |
C974c |
| 100 1# - ENTRADA PRINCIPAL--NOMBRE DE PERSONA |
| Nombre de persona |
Cupull, Adys, |
| Fechas asociadas al nombre |
1937- |
| 9 (RLIN) |
6042 |
| 245 13 - MENCIÓN DE TÍTULO |
| Título |
La CIA contra el Che / |
| Mención de responsabilidad, etc. |
Adys Cupull, Froilán González ; edición Ana María Caballero Labaut. |
| 260 ## - PUBLICACIÓN, DISTRIBUCIÓN, ETC. |
| Lugar de publicación, distribución, etc. |
La Habana : |
| Nombre del editor, distribuidor, etc. |
Editorial Capitán San Luis, |
| Fecha de publicación, distribución, etc. |
2006. |
| 300 ## - DESCRIPCIÓN FÍSICA |
| Extensión |
iv, 353 p. : |
| Otras características físicas |
il., retrs. ; |
| Dimensiones |
23 cm. |
| 500 ## - NOTA GENERAL |
| Nota general |
Incluye índice |
| 500 ## - NOTA GENERAL |
| Nota general |
Incluye datos biográficos del autor en la contracubierta |
| 500 ## - NOTA GENERAL |
| Nota general |
Testimonios, documentos relatos Y análisas que revelan la actuación de la CIA en el asesinato de Ernesto Guevara y sus compañeros de guerrilla en la tierras bolivianas, asi como el rol desempeñado por la embajada y el gobierno de los Estados Unidos. . |
| 610 14 - PUNTO DE ACCESO ADICIONAL DE MATERIA--NOMBRE DE ENTIDAD CORPORATIVA |
| Nombre de entidad corporativa o nombre de jurisdicción como elemento de entrada |
ESTADOS UNIDOS |
| Unidad subordinada |
AGENCIA CENTRAL DE INTELIGENCIA(CIA) |
| 9 (RLIN) |
6043 |
| 650 #4 - PUNTO DE ACCESO ADICIONAL DE MATERIA--TÉRMINO DE MATERIA |
| Término de materia o nombre geográfico como elemento de entrada |
Estados unidos |
| Subdivisión general |
Relaciones |
| Subdivisión geográfica |
Bolivia |
| 9 (RLIN) |
6044 |
| 650 #4 - PUNTO DE ACCESO ADICIONAL DE MATERIA--TÉRMINO DE MATERIA |
| Término de materia o nombre geográfico como elemento de entrada |
Bolivia |
| Subdivisión general |
Relaciones |
| Subdivisión geográfica |
Estados Unidos |
| 9 (RLIN) |
6045 |
| 650 #4 - PUNTO DE ACCESO ADICIONAL DE MATERIA--TÉRMINO DE MATERIA |
| Término de materia o nombre geográfico como elemento de entrada |
Persecuciones políticas |
| 9 (RLIN) |
6046 |
| 650 #4 - PUNTO DE ACCESO ADICIONAL DE MATERIA--TÉRMINO DE MATERIA |
| Término de materia o nombre geográfico como elemento de entrada |
Guerrillas |
| Subdivisión general |
Relatos personales |
| 9 (RLIN) |
6047 |
| 650 #4 - PUNTO DE ACCESO ADICIONAL DE MATERIA--TÉRMINO DE MATERIA |
| Término de materia o nombre geográfico como elemento de entrada |
Espionaje |
| 9 (RLIN) |
3233 |
| 650 #4 - PUNTO DE ACCESO ADICIONAL DE MATERIA--TÉRMINO DE MATERIA |
| Término de materia o nombre geográfico como elemento de entrada |
Guerra de guerrillas |
| 9 (RLIN) |
6048 |
| 651 #4 - PUNTO DE ACCESO ADICIONAL DE MATERIA--NOMBRE GEOGRÁFICO |
| Nombre geográfico |
Bolivia |
| Subdivisión general |
Politica Y Gobierno |
| 9 (RLIN) |
6049 |
| 650 #4 - PUNTO DE ACCESO ADICIONAL DE MATERIA--TÉRMINO DE MATERIA |
| Término de materia o nombre geográfico como elemento de entrada |
Revolucionarios |
| Subdivisión geográfica |
America Latina |
| 9 (RLIN) |
6050 |
| 651 #4 - PUNTO DE ACCESO ADICIONAL DE MATERIA--NOMBRE GEOGRÁFICO |
| Nombre geográfico |
America Latina |
| Subdivisión general |
Historia |
| 9 (RLIN) |
1786 |
| 700 1# - PUNTO DE ACCESO ADICIONAL--NOMBRE DE PERSONA |
| Nombre de persona |
Gonzáles, Froilán |
| 9 (RLIN) |
6051 |
| 700 1# - PUNTO DE ACCESO ADICIONAL--NOMBRE DE PERSONA |
| Nombre de persona |
Caballero, Ana María |
| Término indicativo de función/relación |
editor |
| 9 (RLIN) |
6052 |